00377 2200157 4500001002100000005001500021035002000036245004700056100001900103250000600122300001200128260004500140082000800185084001400193990001200207INLIS00000000000249120250604111715 a0010-06250000771 aSosok Asing Dalam Cermin /cSidnet Sheldon0 aSidnet Sheldon a1 a445 hlm aJakarta :bGramedia Pustaka Utama,c2006 a800 a800 SID s a0712306